Advanced circuit analysis (Record no. 66212)
[ view plain ]
| 000 -LEADER | |
|---|---|
| fixed length control field | 00437nam a22001697a 4500 |
| 003 - CONTROL NUMBER IDENTIFIER | |
| control field | NUST - PNEC |
| 005 - DATE AND TIME OF LATEST TRANSACTION | |
| control field | 20170116180943.0 |
| 008 - FIXED-LENGTH DATA ELEMENTS--GENERAL INFORMATION | |
| fixed length control field | 150907b xxu||||| |||| 00| 0 eng d |
| 020 ## - INTERNATIONAL STANDARD BOOK NUMBER | |
| International Standard Book Number | 0155018434 |
| 040 ## - CATALOGING SOURCE | |
| Transcribing agency | LIBRARY |
| 082 ## - DEWEY DECIMAL CLASSIFICATION NUMBER | |
| Classification number | 621.3192 BEN |
| 100 ## - MAIN ENTRY--PERSONAL NAME | |
| 9 (RLIN) | 8816 |
| Personal name | Bennett, Paul E. |
| 245 ## - TITLE STATEMENT | |
| Title | Advanced circuit analysis |
| Statement of responsibility, etc. | Paul E. Bennett |
| 260 ## - PUBLICATION, DISTRIBUTION, ETC. | |
| Date of publication, distribution, etc. | c.1992 |
| 650 ## - SUBJECT ADDED ENTRY--TOPICAL TERM | |
| 9 (RLIN) | 8833 |
| Topical term or geographic name entry element | Electric circuit analysis |
| General subdivision | EE |
| 942 ## - ADDED ENTRY ELEMENTS (KOHA) | |
| Source of classification or shelving scheme | |
| Koha item type | Book |
| Withdrawn status | Lost status | Source of classification or shelving scheme | Damaged status | Not for loan | Permanent Location | Current Location | Shelving location | Date acquired | Total Checkouts | Full call number | Barcode | Date last seen | Date last checked out | Price effective from | Koha item type |
|---|---|---|---|---|---|---|---|---|---|---|---|---|---|---|---|
| Pakistan Navy Engineering College (PNEC) | Pakistan Navy Engineering College (PNEC) | 1 | 621.3192 BEN | PNECLIB-022072 | 03/16/2016 | 01/27/2016 | Book |
